Игры пяти зверей: система оздоровительных упражнений

Dettagli Bibliografici
Altri autori: Рыжов В. А. (редактор)
Lingua:russo
Pubblicazione: Москва, Физкультура и спорт, 1990
Serie:Боевые искусства Шаолиня Вып. 1
Soggetti:
Natura: Libro
KOHA link:https://koha.lib.tpu.ru/cgi-bin/koha/opac-detail.pl?biblionumber=151657

MARC

LEADER 00000nam0a2200000 4500
001 151657
005 20231031150802.0
010 |a 5278003219 
020 |a RU  |b 90-47985 
035 |a (RuTPU)RU\TPU\book\164427 
090 |a 151657 
100 |a 20090126d1990 m y0rusy5003 ca 
101 0 |a rus 
102 |a RU 
105 |a a z 000zy 
200 1 |a Игры пяти зверей  |e система оздоровительных упражнений  |f под ред. В. А. Рыжова 
210 |a Москва  |c Физкультура и спорт  |d 1990 
215 |a 80 с.  |c ил.  |d 20 см 
225 1 |a Боевые искусства Шаолиня  |v Вып. 1 
610 1 |a У-шу 
610 1 |a Гимнастика гигиеническая 
610 1 |a пособия 
675 |a 796.41Ушу  |z rus 
702 1 |a Рыжов  |b В. А.  |4 340 
801 0 |a RU  |b RuMRKP  |c 19950417  |g psbo 
801 1 |a RU  |b 63413507  |c 20090126  |g PSBO 
801 2 |a RU  |b 63413507  |c 20090126  |g PSBO 
942 |c BK